<?xml version="1.0" encoding="UTF-8"?>
<record
    xmlns:xsi="http://www.w3.org/2001/XMLSchema-instance"
    xsi:schemaLocation="http://www.loc.gov/MARC21/slim http://www.loc.gov/standards/marcxml/schema/MARC21slim.xsd"
    xmlns="http://www.loc.gov/MARC21/slim">

  <leader>00775nam a2200229Ia 4500</leader>
  <controlfield tag="001">18559</controlfield>
  <controlfield tag="003">GE_BSU</controlfield>
  <controlfield tag="008">181216s||||||||xx |||||||||||||| ||und||</controlfield>
  <datafield tag="020" ind1=" " ind2=" ">
    <subfield code="a">9785824320381</subfield>
  </datafield>
  <datafield tag="040" ind1=" " ind2=" ">
    <subfield code="c">GE_BSU</subfield>
  </datafield>
  <datafield tag="080" ind1=" " ind2=" ">
    <subfield code="a">94(560)</subfield>
  </datafield>
  <datafield tag="100" ind1=" " ind2=" ">
    <subfield code="a">&#x413;&#x44E;&#x43D;&#x442;&#x435;&#x440;,&#x41B;&#x435;&#x432;&#x438;</subfield>
  </datafield>
  <datafield tag="245" ind1=" " ind2=" ">
    <subfield code="a">&#x410;&#x440;&#x43C;&#x44F;&#x43D;&#x441;&#x43A;&#x438;&#x439; &#x432;&#x43E;&#x43F;&#x440;&#x43E;&#x441;  &#x432; &#x41E;&#x441;&#x43C;&#x430;&#x43D;&#x441;&#x43A;&#x43E;&#x439; &#x438;&#x43C;&#x43F;&#x435;&#x440;&#x438;&#x438;:&#x41C;&#x438;&#x444;&#x44B; &#x438; &#x440;&#x435;&#x430;&#x43B;&#x44C;&#x43D;&#x43E;&#x441;&#x442;&#x44C;</subfield>
  </datafield>
  <datafield tag="245" ind1=" " ind2=" ">
    <subfield code="c">&#x41F;&#x435;&#x440;:&#x441; &#x430;&#x43D;&#x433;&#x43B;&#x438;&#x439;&#x441;&#x43A;&#x43E;&#x433;&#x43E; &#x41B;.&#x42E;.&#x41F;&#x430;&#x43D;&#x442;&#x438;&#x43D;&#x43E;&#x439;, &#x432;&#x435;&#x434;.&#x440;&#x435;&#x434;:&#x41D;,&#x410;,&#x412;&#x43E;&#x43B;&#x44C;&#x43D;&#x447;&#x438;&#x43A;,&#x440;&#x435;&#x434;:&#x41B;,&#x42E;,&#x41F;&#x430;&#x43D;&#x442;&#x438;&#x43D;&#x430;</subfield>
  </datafield>
  <datafield tag="260" ind1=" " ind2=" ">
    <subfield code="a">&#x41C;&#x43E;&#x441;&#x43A;&#x432;&#x430;</subfield>
  </datafield>
  <datafield tag="260" ind1=" " ind2=" ">
    <subfield code="b">&#x420;&#x43E;&#x441;&#x441;&#x43F;&#x435;&#x43D;</subfield>
  </datafield>
  <datafield tag="260" ind1=" " ind2=" ">
    <subfield code="c">2016</subfield>
  </datafield>
  <datafield tag="300" ind1=" " ind2=" ">
    <subfield code="a">359&#x441;&#x442;&#x440;,21&#x441;&#x43C;,</subfield>
  </datafield>
  <datafield tag="653" ind1=" " ind2=" ">
    <subfield code="a">&#x410;&#x440;&#x43C;&#x44F;&#x43D;&#x441;&#x43A;&#x438;&#x439; &#x432;&#x43E;&#x43F;&#x440;&#x43E;&#x441;  &#x432; &#x41E;&#x441;&#x43C;&#x430;&#x43D;&#x441;&#x43A;&#x43E;&#x439; &#x438;&#x43C;&#x43F;&#x435;&#x440;&#x438;&#x438;</subfield>
  </datafield>
  <datafield tag="653" ind1=" " ind2=" ">
    <subfield code="a">&#x10D8;&#x10E1;&#x10E2;&#x10DD;&#x10E0;&#x10D8;&#x10D0;</subfield>
  </datafield>
  <datafield tag="942" ind1=" " ind2=" ">
    <subfield code="c">BK</subfield>
  </datafield>
  <datafield tag="999" ind1=" " ind2=" ">
    <subfield code="c">51568</subfield>
    <subfield code="d">51568</subfield>
  </datafield>
  <datafield tag="952" ind1=" " ind2=" ">
    <subfield code="0">0</subfield>
    <subfield code="1">0</subfield>
    <subfield code="4">0</subfield>
    <subfield code="7">0</subfield>
    <subfield code="9">71629</subfield>
    <subfield code="d">2018-12-17</subfield>
    <subfield code="p">47987</subfield>
    <subfield code="r">2018-12-17</subfield>
    <subfield code="w">2018-12-17</subfield>
    <subfield code="y">BK</subfield>
  </datafield>
  <datafield tag="952" ind1=" " ind2=" ">
    <subfield code="0">0</subfield>
    <subfield code="1">0</subfield>
    <subfield code="4">0</subfield>
    <subfield code="7">0</subfield>
    <subfield code="9">71630</subfield>
    <subfield code="d">2018-12-17</subfield>
    <subfield code="p">47988</subfield>
    <subfield code="r">2018-12-17</subfield>
    <subfield code="w">2018-12-17</subfield>
    <subfield code="y">BK</subfield>
  </datafield>
  <datafield tag="952" ind1=" " ind2=" ">
    <subfield code="0">0</subfield>
    <subfield code="1">0</subfield>
    <subfield code="4">0</subfield>
    <subfield code="7">0</subfield>
    <subfield code="9">71631</subfield>
    <subfield code="d">2018-12-17</subfield>
    <subfield code="p">47989</subfield>
    <subfield code="r">2018-12-17</subfield>
    <subfield code="w">2018-12-17</subfield>
    <subfield code="y">BK</subfield>
  </datafield>
</record>
